000 00705nam a2200217 u 4500
005 20250924063905.0
008 150811s2011 r 000 0 eng d
020 _a9788499211596
035 _aUPN01000205068
049 _aCG
050 4 _aLB1028.35
_bD6.2
245 0 0 _aDocentes e-competentes :
_bbuenas prácticas educativas con TIC /
_ccoord. Jesús Valverde Berrocoso.
260 _aBarcelona, Esp. :
_bOctaedro,
_c2011.
300 _a126 p. :
_btablas
440 0 _aUniversidad.
_pPedagogía
650 4 _aTecnología educativa
_94978
650 4 _aTecnologías de la información y comunicación
_921219
700 1 _aValverde Berrocoso, Jesús,
_ecoord.
905 _aLibro
999 _c177169
_d177169